Guess the Louis Tomlinson song with no hints #1 - Statistics

General Stats
  • This quiz has been taken 153 times
  • The average score is 96 of 137
Answer Stats
Answer % Correct
I
100%
you
98%
a
96%
on
91%
on,
91%
the
90%
me,
89%
to
87%
love
84%
And
83%
and
83%
in
83%
I'm
82%
no
82%
for
80%
It's
79%
it's
79%
of
79%
when
79%
like
78%
Like
78%
my
78%
so
78%
your
78%
only
74%
too
74%
brave
73%
song
71%
If
67%
know,
67%
know
67%
solo
67%
mercy,
66%
mercy
66%
been
63%
fire
63%
history
63%
there
63%
church
62%
gone
62%
never
62%
but
61%
cryin'
61%
far
61%
fool
61%
romances
61%
set
61%
All
60%
Pour
60%
pray
60%
say,
60%
own
59%
sky
59%
stars
59%
enough
57%
breakin'
56%
Come
56%
hello,
56%
I'll
56%
rules,
56%
burnt
55%
darling,
55%
goodbye
55%
(Goodbye)
55%
told
55%
close
54%
from
54%
truth
54%
tell,
52%
touch,
52%
fall
51%
knees
51%
ain't
50%
dying
49%
upon
49%
stories
48%
cared
46%
page,
46%
glories
44%
grave
44%
short
44%
lonely
40%
Tall
40%
tall
40%
cradle
39%
fell
39%
tale,
38%
shadow
37%
they'll
35%
fade
33%
dances
32%
No matching quizzes found
Score Distribution
Percent of People with Each Score
Percentile by Number Answered
Your Score History
You have not taken this quiz